00342nam a2200133Ia 4500008004100000041000800041082001700049100001700066245004500083250001400128260002900142300002900171365000800200240624s9999 xx 000 0 und d aeng a658.4033 OAK aOAKSHOTT LES aESSENTIAL QUANTITATIVE MATHODS FOR BUSIN a(3rd ed.) c2007aNew YorkbPalgrave ax, : 484 : p. : cm. ; 23 cERU